[Event "Osijek-ch op"]
[Site "Osijek"]
[Date "2012.02.23"]
[Round "2"]
[White "Bokun, Josip"]
[Black "Jelic, Ivan"]
[Result "1-0"]
[WhiteElo "1805"]
[BlackElo "1949"]
[PlyCount "109"]
[EventDate "2012.02.23"]
[EventType "swiss"]
[EventRounds "7"]
[EventCountry "CRO"]
[SourceTitle "EXT 2013"]
[Source "ChessBase"]
[SourceDate "2012.11.22"]
[SourceVersion "1"]
[SourceVersionDate "2012.11.22"]
[SourceQuality "1"]

1. d4 d5 2. c4 e6 3. Nf3 Nf6 4. Bg5 Be7 5. e3 0-0 6. h3 b6 7. Be2 c5 8. 0-0 Bb7 9. Nc3 Nc6 10. Rc1 dxc4 11. dxc5 Bxc5 12. Qxd8 Raxd8 13. Bxf6 gxf6 14. Bxc4 Kh8 15. Ne4 Be7 16. Ng3 Na5 17. Be2 a6 18. Rfd1 Kg8 19. Nh2 Bd6 20. Rd4 Be5 21. Rg4+ Kh8 22. b3 f5 23. Rb4 Rd2 24. f4 Bd6 25. Ra4 Bc6 26. Rxa5 bxa5 27. Rxc6 Bb4 28. a4 Rfd8 29. Nhf1 Rb2 30. Bc4 Rd1 31. Nh5 h6 32. Nhg3 Rc1 33. Rc8+ Kg7 34. Bxa6 Rxc8 35. Bxc8 Rxb3 36. Bd7 Kg6 37. Kf2 Rb2+ 38. Ne2 h5 39. Bb5 f6 40. Kf3 e5 41. Be8+ Kh6 42. Nfg3 e4+ 43. Kf2 Rb1 44. Nxf5+ Kh7 45. g3 Be1+ 46. Kg2 Ra1 47. Bb5 Kg6 48. g4 hxg4 49. hxg4 Ra2 50. Nfg3 Ra3 51. Nf1 f5 52. gxf5+ Kxf5 53. Neg3+ Kg4 54. Be2+ Kh4 55. Nf5# 1-0

[Event "CRO-chT U20 16th"]
[Site "Sv Filip i Jakov"]
[Date "2007.04.15"]
[Round "11"]
[White "Ruzic, Sanjin"]
[Black "Jelic, Ivan"]
[Result "1-0"]
[WhiteElo "1875"]
[BlackElo "1953"]
[PlyCount "39"]
[EventDate "2007.04.10"]
[EventType "team-tourn"]
[EventRounds "11"]
[EventCountry "CRO"]
[SourceTitle "EXT 2010"]
[Source "ChessBase"]
[SourceDate "2010.11.25"]
[SourceVersion "1"]
[SourceVersionDate "2010.11.25"]
[SourceQuality "1"]

1. e4 e5 2. d4 exd4 3. c3 dxc3 4. Nxc3 Bc5 5. Nf3 h6 6. Bc4 Qe7 7. 0-0 Nf6 8. e5 Ng4 9. Nd5 Bxf2+ 10. Rxf2 Nxf2 11. Kxf2 Qc5+ 12. Be3 Qxc4 13. b3 Qe4 14. Nxc7+ Kf8 15. Nxa8 Nc6 16. Nc7 Kg8 17. Rc1 Nxe5 18. Nxe5 Qxe5 19. Qd4 Qxh2 20. Ne8 1-0

[Event "CRO-chT U20 16th"]
[Site "Sv Filip i Jakov"]
[Date "2007.04.14"]
[Round "10"]
[White "Jelic, Ivan"]
[Black "Sepic, Ante"]
[Result "1/2-1/2"]
[WhiteElo "1953"]
[BlackElo "1898"]
[PlyCount "76"]
[EventDate "2007.04.10"]
[EventType "team-tourn"]
[EventRounds "11"]
[EventCountry "CRO"]
[SourceTitle "EXT 2010"]
[Source "ChessBase"]
[SourceDate "2010.11.25"]
[SourceVersion "1"]
[SourceVersionDate "2010.11.25"]
[SourceQuality "1"]

1. e4 c5 2. Nf3 d6 3. d4 cxd4 4. Nxd4 Nf6 5. Nc3 a6 6. f3 Nc6 7. Be3 g6 8. Qd2 Bg7 9. 0-0-0 Nd7 10. h4 h5 11. g4 hxg4 12. fxg4 Nde5 13. g5 Nxd4 14. Qxd4 Rh7 15. Qb6 Qxb6 16. Bxb6 Bg4 17. Be2 Bxe2 18. Nxe2 Nc4 19. Bd4 Bxd4 20. Rxd4 Ne5 21. Rh3 Kd7 22. Rd1 Rah8 23. Rdh1 Ng4 24. Rf1 Rxh4 25. Rxh4 Rxh4 26. Rxf7 Ne5 27. Rf4 Rxf4 28. Nxf4 Ke8 29. Ne6 Nf3 30. c4 Ne5 31. b3 Nd3+ 32. Kd2 Nc5 33. Nxc5 dxc5 34. Ke3 Kd7 35. Kf4 Kd6 36. e5+ Kd7 37. Ke4 Kc6 38. Kf4 e6 1/2-1/2

[Event "CRO-chT U20 16th"]
[Site "Sv Filip i Jakov"]
[Date "2007.04.12"]
[Round "5"]
[White "Jelic, Ivan"]
[Black "Kovacevic, Neven"]
[Result "1-0"]
[WhiteElo "1953"]
[BlackElo "1666"]
[PlyCount "51"]
[EventDate "2007.04.10"]
[EventType "team-tourn"]
[EventRounds "11"]
[EventCountry "CRO"]
[SourceTitle "EXT 2010"]
[Source "ChessBase"]
[SourceDate "2010.11.25"]
[SourceVersion "1"]
[SourceVersionDate "2010.11.25"]
[SourceQuality "1"]

1. e4 e5 2. Nf3 Nc6 3. Bc4 Bc5 4. Nc3 Nf6 5. d3 h6 6. 0-0 0-0 7. h3 d6 8. Be3 b6 9. Qd2 Kh7 10. a3 Bxe3 11. fxe3 Re8 12. Bxf7 Re7 13. Ba2 Be6 14. Bxe6 Rxe6 15. Nd5 Nd7 16. Qc3 Ne7 17. Nxc7 Rf6 18. Nxa8 Qxa8 19. Qc7 Qe8 20. Nh4 Re6 21. Nf5 Nc8 22. Rf3 g6 23. Ng3 h5 24. Raf1 Kh6 25. Rf7 Kg5 26. Qxd7 1-0